|
|
|
|
| LEADER |
00926nam a2200277 4500 |
| 001 |
DLU100111099 |
| 005 |
##20100827 |
| 040 |
# |
# |
|a DLU
|b vie
|
| 041 |
# |
# |
|a vie
|
| 044 |
# |
# |
|a vn
|
| 100 |
# |
# |
|a Lê Thế Chiến,
|c KS.
|
| 245 |
# |
# |
|a Nâng cao ý thức thực hiện các quy định về an toàn, vệ sinh lao động bằng "Phương pháp stop - card" /
|c Lê Thế Chiến, Đào Đắc Tạo biên tập.
|
| 653 |
# |
# |
|a An toàn lao động
|
| 653 |
# |
# |
|a Luật lao động
|
| 653 |
# |
# |
|a Tai nạn lao động
|
| 700 |
# |
# |
|a Đào Đắc Tạo,
|e Biên tập.
|
| 773 |
# |
# |
|t Tạp chí Công nghiệp mỏ
|g Số 2, 2008, tr. 35-36
|
| 920 |
# |
# |
|a Phòng Tạp chí -- Trung tâm Thông tin - Thư viện Trường Đại học Đà Lạt
|
| 994 |
# |
# |
|a DLU
|
| 900 |
# |
# |
|a True
|
| 911 |
# |
# |
|a Nguyễn Thị Linh Chi
|
| 925 |
# |
# |
|a G
|
| 926 |
# |
# |
|a A
|
| 927 |
# |
# |
|a BB
|
| 980 |
# |
# |
|a Thư viện Trường Đại học Đà Lạt
|